Translate these Scots words - Statistics

General Stats
  • This quiz has been taken 136 times
  • The average score is 14 of 22
Answer Stats
Hint Answer % Correct
Naw / Nae No
100%
Aye Yes
99%
Dae Do
89%
Auld Old
89%
Wee Small
89%
Wean / Bairn Child
80%
Guid Good
76%
Ken Know
74%
Ma My
70%
Dinny Dont
68%
Canny Can't
67%
Doon Down
66%
Heid Head
64%
Toon Town
64%
Dug Dog
57%
Gaun Going
53%
Baw Ball
50%
Caird Card
50%
Dain Doing
50%
Burn Stream
38%
Flair Floor
29%
Dobber Idiot
27%
No matching quizzes found
Score Distribution
Percent of People with Each Score
Percentile by Number Answered
Your Score History
You have not taken this quiz